| 000 | 01373cam a22003495i 4500 | ||
|---|---|---|---|
| 001 | 20228517 | ||
| 003 | EG-ScBUE | ||
| 005 | 20260210101607.0 | ||
| 008 | 171221t2025 nyu f b 001 0 eng d | ||
| 020 | _a9781264980444 | ||
| 020 | _a1264980442 | ||
| 040 |
_aDLC _beng _erda _cDLC _dDLC _dEG-ScBUE |
||
| 082 | 0 | 4 |
_a658.4094 _bDEJ _222 |
| 100 | 1 |
_aDe Janasz, Suzanne C., _eauthor. |
|
| 245 | 1 | 0 |
_aInterpersonal skills in organizations / _cSuzanne C. De Janasz, Ph.D., George Mason University, Virginia, Karen O. Dowd, Ph.D., Simon Business School, University of Rochester, New York, Beth Z. Schneider, DBA, McColl School of Business of Business, Queens University of Charlotte, North Carolina. |
| 264 | 1 |
_aNew York, NY : _bMcGraw-Hill Education, _c[2025] |
|
| 264 | 4 | _cc2025 | |
| 300 |
_axxi, 506 pages ; _c28 cm |
||
| 336 |
_atext _btxt _2rdacontent |
||
| 337 |
_aunmediated _bn _2rdamedia |
||
| 338 |
_avolume _bnc _2rdacarrier |
||
| 504 | _aIncludes bibliographical references and index. | ||
| 650 | 7 |
_aOrganizational behavior. _2BUEsh _94617 |
|
| 650 | 7 |
_aPsychology, Industrial. _2BUEsh _912215 |
|
| 650 | 7 |
_aInterpersonal relations. _2BUEsh _9820 |
|
| 653 |
_bHHUUPPSS _cSeptember2019 |
||
| 655 |
_vReading book _933728 |
||
| 700 | 1 |
_aDowd, Karen O., _eauthor. _912217 |
|
| 700 | 1 |
_aSchneider, Beth Z., _eauthor. |
|
| 942 |
_2ddc _cBB |
||
| 999 |
_c31106 _d31077 |
||